000 02673nam0a2200385 4500
001 RU\NLR\BIBL_A\012338826
005 20200923115052.0
010 _a978-5-7422-6883-3
_9500
021 _aRU
_bКН-П-20-029691
_9КН-П-20-2286
035 _a(NLR Aleph) 012338826
035 _a(RuMoRGB)010342976
090 _a11510212
_c11510212
100 _a20200916d2020 k y0rusy50 ca
101 0 _arus
_deng
102 _aRU
105 _ac|||z|||100zy
181 0 _ai
_baxxe
182 0 _an
200 1 _aАктуальные проблемы международного права в современных геополитических условиях
_eматериалы [4-й международной] научной конференции
_fМинистерство науки и высшего образования Российской Федерации, Санкт-Петербургский политехнический университет Петра Великого
_g[ответственные редакторы: доктор юридических наук, профессор В. П. Кириленко, доктор исторических наук, профессор С. Н. Погодин]
203 _aТекст
_bвизуальный
_cнепосредственный
210 _aСанкт-Петербург
_cПолитех-пресс
_cСанкт-Петербургский политехнический университет Петра Великого
_d2020
215 _a211 с.
_cпортр., табл.
_d20
300 _aРез. англ.
320 _aБиблиогр. в конце ст. и в подстроч. примеч.
606 1 _aМеждународное право
_jСъезды, совещания и т.п
_2nlr_sh1
_2nlr_sh2
_3RU\NLR\AUTH\6614473
686 1 _aХ91я431
702 1 _aКириленко
_bВ. П.
_cд-р юрид. наук
_f1944-
_gВиктор Петрович
_3RU\NLR\AUTH\77114494
_4340
711 1 2 _a"Актуальные проблемы международного права в современных геополитических условиях", международная научная конференция
_d4
_f2019
_eСанкт-Петербург
_3RU\NLR\AUTH\880526238
712 0 2 _aСанкт-Петербургский политехнический университет Петра Великого
_bГуманитарный институт
_3RU\NLR\AUTH\880407358
_4557
942 _cBOOK
980 _aNBR
980 _aNB